1131 1850 1000 1510 1306 1595 1517 1289 1788 1929 1274 1193 1343 1591 1044 1846 1258 1604 1834 1202 1485 1905 1591 1043 1202 1981 1563 1378 1928 1521 1810 1148 1062 1326 1866 1034 1326 1353 1133 1295 1369 1814 1449 1838 1160 1349 1725 1038 1250 1683 1895 1467 1657 1137 1217 1127 1709 1519 1132 1535 1715 1264 1381 1226 1669 1748 1626 1784 1035 1073 1354 1840 1141 1220 1715 1567 1639 1868 1134 1652 1001 1366 1614 1910 1070 1902 1183 1487 1099 1598 1463 1242 1997 1123 1203 1934 1174 1833 1449 BCNSPRNW ULIB Ver.6.0+V

เปลี่ยนเป็นภาษาไทย

Change to English
 แสดงรายละเอียดบรรณานุกรม
  กลับหน้าหลัก

Brief Record : Get Marc (ISO 2709) : E-mail record : QR code < ปิดหน้าต่าง
LEADER : 00000nam 2200000uu 4500
001    13399108302
003     ULIB
008    110227s2552||||th 000 0 tha d
020    9789743729164
060 04 WA525^bส126ก
245 10 การสร้างเสริมสุขภาพแบบองค์รวมทุกช่วงวัย /^cสกุณา บุญนรากร
250    พิมพ์ครั้งที่ 2
260    สงขลา :^bคณะพยาบาลศาสตร์ มหาวิทยาลัยนราธิวาสราชนครินทร์,^c2552
300    291 หน้า :^bภาพประกอบ ;^c27 ซม.
650  7 การส่งเสริมสุขภาพ^zไทย
650  7 การสร้างเสริมสุขภาพ^zไทย
650  7 การสร้างเสริมสุขภาพ^zไทย
650  7 สุขภาพองค์รวม
710 2  มหาวิทยาลัยนราธิวาสราชนครินทร์. ^bคณะพยาบาลศาสตร์
945    ^p0^l0^i17950
945    ^p250^l0^i17951
945    ^p0^l0^i17945
945    ^p0^l0^i17948
945    ^p250^l0^i16268
945    ^p250^l0^i16269
945    ^p250^l0^i17944
995    เกษร
999    ^aใช้งานได้ทุกระบบ
รายการนี้ยังไม่มีแท็ก
คุณยังไม่ได้ล็อกอิน คุณสามารถมีกิจกรรมร่วมกับเว็บไซต์ได้ แต่ต้องล็อกอินก่อน ::
  ล็อกอิน

รายการสื่อสารสนเทศ

ลำดับที่ ประเภท เลขเรียก/บาร์โค้ด สถานที่ สถานะ
- ไม่พบข้อมูล -

รายการใกล้เคียง
    หัวเรื่อง [สุขภาพองค์รวม]

BibComment


ยังไม่เคยถูกคอมเมนท์

คอมเมนท์ทรัพยากรรายการนี้
  คอมเมนท์: การสร้างเสริมสุขภ..


 Copyright 2026. Bcnsprnw @Library